Oldest MLB Player on Each Team (2019) - Statistics

General Stats
  • This quiz has been taken 68 times
  • The average score is 10 of 30
Answer Stats
Team Name Age Position % Correct
Angels Albert Pujols 39 1B
95%
Astros Justin Verlander 36 P
75%
Tigers Miguel Cabrera 36 1B
70%
Cardinals Adam Wainwright 38 P
68%
Reds Joey Votto 36 1B
66%
Cubs Jon Lester 35 P
59%
Red Sox Dustin Pedroia 36 2B
57%
Brewers Ryan Braun 35 LF
57%
Dodgers Justin Turner 34 3B
50%
Royals Alex Gordon 35 LF
48%
Rays Charlie Morton 35 P
48%
Orioles Chris Davis 33 1B
48%
Mets Robinson Canó 37 2B
48%
Nationals Howie Kendrick 36 2B
34%
Rockies Daniel Murphy 34 2B
32%
Twins Rich Hill 39 P
29%
White Sox Edwin Encarnación 36 1B
27%
Indians Óliver Pérez 38 P
20%
Rangers Shin-Soo Choo 37 RF
20%
Phillies David Robertson 34 P
16%
Pirates Chris Archer 31 P
14%
Giants Jeff Samardzija 34 P
14%
Braves Darren O'Day 37 P
11%
Marlins Kyle Seager 32 3B
11%
Padres Craig Stammen 35 P
7%
Athletics Joakim Soria 35 P
7%
Marlins Francisco Cervelli 33 C
5%
Blue Jays Matt Shoemaker 33 P
5%
Yankees J.A. Harp 37 P
4%
Diamondbacks Stephen Vogt 34 C
4%
No matching quizzes found
Score Distribution
Percent of People with Each Score
Percentile by Number Answered
Your Score History
You have not taken this quiz